000 00384nam a2200169Ia 4500
001 9730
003 GE_BSU
008 181216s||||||||xx |||||||||||||| ||und||
040 _cGE_BSU
245 4 _aThe Economist, april 26th-May 2ND 2014.
245 _bvolume 411 number 8884
260 _aNew York
260 _c2014
300 _a82p.27cm.
653 _aThe Economist
942 _cCR
999 _c43011
_d43011